Statistics for Most Populous Counties in Oklahoma

Click here to take the quiz!

General Stats

  • This quiz has been taken 19 times
  • The average score is 9 of 15

Answer Stats

PopulationCounty% Correct
817,957Oklahoma
100%
663,159Tulsa
93%
292,558Cleveland
87%
159,946Canadian
73%
121,412Comanche
67%
60,939Garfield
60%
67,016Muskogee
60%
80,620Payne
60%
50,735Washington
60%
70,898Creek
53%
56,992Grady
53%
94,433Rogers
53%
72,829Pottawatomie
47%
84,787Wagoner
47%
50,300Bryan
27%

Score Distribution

Percentile by Number Answered

Percent of People with Each Score

Your Score History

You have not taken this quiz